Answers Contain a Multiple of 1000 - Statistics

General Stats
  • This quiz has been taken 162 times
    75 since last reset
  • The average score is 5 of 16
Answer Stats
Hint Answer % Correct
1954 film based om Jules Verne submarine adventure novel 20,000 Leagues Under the Sea
75%
Nickname of Minnesota Land of {10,000} {Lakes}
73%
1975: This Outkast musician was born. André 3000
61%
1999 Disney sequel film of animated segments set to classical music Fantasia 2000
52%
1968: Artificial Intelligence from 2001: A Space Odyssey HAL 9000
44%
2001 Kurt Russell and Kevin Costner movie involving Elvis impersonators 3000 Miles to {Graceland}
39%
1998 sequel movie with Dan Aykroyd and John Goodman Blues Brothers 2000
31%
1988–99: Original run of this series that specializes in reviewing bad movies Mystery Science Theater 3000
25%
1981 was the founding of this band formerly fronted by Natalie Merchant. 10,000 Maniacs
23%
1975 cult sci-fi action film about murderous Transcontinental Road Race Death Race 2000
23%
2000 event with Triple H, The Rock, Mick Foley, and The Big Show Wrestlemania 2000
22%
1967 Rolling Stones song from Their Satanic Majesties Request 2,000 {Light} {Years} from Home
20%
2022 film with Idris Elba and Tilda Swinton Three Thousand Years of {Longing}
11%
2006: Tool's 4th LP 10,000 {Days}
9%
1995 White Zombie album featuring "More Human than Human" Astro-Creep: 2000
5%
1999: "When Worlds Collide" by this band fronted by Rob Zombie's brother Powerman 5000
5%
No matching quizzes found
Score Distribution
Percent of People with Each Score
Percentile by Number Answered
Your Score History
You have not taken this quiz since the last reset